000 00752cam a2200229 a 4500
001 3069525
005 20231204030135.0
008 970226s1997 enk b 001 0 eng
020 _a0415139449 (hardcover : alk. paper)
020 _a0415139457 (pbk. : alk. paper)
040 _aDLC
_cDLC
_dDLC
082 0 0 _a305.42/01
_221
_bPEN.
100 1 _aDeutscher, Penelope,
245 1 0 _aYielding gender :
_bfeminism, deconstruction, and the history of philosophy /
_cPenelope Deutscher.
260 _aLondon ;
_aNew York :
_bRoutledge,
_c1997.
300 _avii, 224 p. ;
650 0 _aFeminist theory.
650 0 _aDeconstruction.
650 0 _aPhilosophy, Modern.
856 4 2 _uhttp://www.loc.gov/catdir/enhancements/fy0649/97007477-d.html
942 _cL
999 _c130
_d130